Desporto - Statistics

Estatísticas Gerais
  • Esse quiz foi jogado 98 vezes
  • A pontuação média é 11 de 15
Estatísticas das Respostas
Imagem Resposta % Correto
Futebol
100%
Natação
99%
Surf
98%
Badminton
86%
Voleibol
85%
Basquetebol
84%
Ginástica
84%
Vela
75%
Corrida
74%
Esqui
70%
Canoagem
68%
Motocross
53%
Beisebol
47%
Paddle
26%
Windsurf
21%
Nenhum quiz correspondente encontrado
Distribuição das Pontuações
Porcentagem de Pessoas com Cada Pontuação
Percentil de Números Respondidos
Sua Pontuação Histórica
Você não jogou esse quiz